000 00809nam a22002177a 4500
003 OSt
005 20260203062412.0
008 260203b |||||||| |||| 00| 0 eng d
020 _a9781935096269
040 _aDWCL-Main Lib
_cOC
082 _aProf. 810.8 C532 2008
245 _a Chicken soup in the soul : teens talk middle school : 101 stories of life, love, and learning for younger teens
260 _aUSA:
_bChicken soup for the soul publication,
_cc 2008.
300 _axii, 403 pages :
_b illustrations ;
_c22 cm.
650 _aMiddle school students - literary collections.
650 _aMiddle schools - literary collections.
650 _aTeenagers - literary collections.
650 _aTeenagers writtings.
700 _aCANFIELD, JACK...[ET. AL.]
_eCompiler
942 _2ddc
_cPROF.
_mProf.
_n0
999 _c8198
_d8198